000 00284nam a22001217a 4500
008 170711b xxu||||| |||| 00| 0 eng d
041 _aeng
080 _a03
100 _a23
101 _aENC
245 _aTHE INTERNATIONAL ENCYCLOPEDIA OF DOGS
_cBINNEY.C.A
942 _2udc
_cBK
999 _c20231
_d20231